00512nam a2200193 a 4500001001300000003000900013005001700022008004100039020002300080082002200103100001500125245003700140260003600177300000900213500003500222505002300257650002300280700001500303nice12345678IN_TiNIC20260116014608.0050524s2001 newa grp 000 0 eng  a8173047 c75000a305.6297054bMAD1 aMadan, T N aMuslim Communities of South Asia aNew Delhi bManohar Pub. c2001 a597p aincludes index and biblioraphy2 aIndex, List of Map aMuslims-South Asia1 aMadan, T N